000 00451nam a22001817a 4500
003 LK-CoDNM
005 20250110114649.0
008 250110b |||||||| |||| 00| 0 eng d
040 _aLK-CoDNM
_dLK-CoDNM
_eLK-CoDNM
041 _aeng
080 _a5
_bN14
100 _aRaven,Henry,C
245 _aIn quest of Gorillas
260 _aNew Bedford
_bThe Darwin Press
_c1937
300 _axiv, 241p. : ill ; 24 cm
650 _aScience
942 _cBK
999 _c235902
_d235902